|
|
|
|
| LEADER |
00000nam0a2200000 4500 |
| 001 |
310420 |
| 005 |
20231102002302.0 |
| 035 |
|
|
|a (RuTPU)RU\TPU\book\335769
|
| 090 |
|
|
|a 310420
|
| 100 |
|
|
|a 20151125d1973 k y0rusy50 ca
|
| 101 |
0 |
|
|a rus
|
| 102 |
|
|
|a RU
|
| 105 |
|
|
|a a z 001zy
|
| 200 |
1 |
|
|a Проблемы петрологии Урала
|e [сборник]
|f Академия наук СССР, Уральский научный центр, Институт геологии и геохимии им. А. Н. Заварицкого ; отв. ред. А. А. Маракушев , Г. Б. Ферштатер
|
| 210 |
|
|
|a Свердловск
|c Уральский рабочий
|d 1973
|
| 215 |
|
|
|a 256 с.
|c ил.
|
| 225 |
1 |
|
|a Труды института геологии и геохимии
|v Вып. 100
|
| 320 |
|
|
|a Библиогр. в конце ст.
|
| 606 |
1 |
|
|a Петрология
|2 stltpush
|3 (RuTPU)RU\TPU\subj\48710
|9 67556
|
| 610 |
1 |
|
|a Урал
|
| 610 |
1 |
|
|a изверженные породы
|
| 610 |
1 |
|
|a метаморфические породы
|
| 610 |
1 |
|
|a состав
|
| 610 |
1 |
|
|a генезис
|
| 610 |
1 |
|
|a формационный анализ
|
| 610 |
1 |
|
|a гранитоиды
|
| 610 |
1 |
|
|a нефелиновый сиенит
|
| 610 |
1 |
|
|a вулканиты
|
| 610 |
1 |
|
|a базальтоидный магматизм
|
| 610 |
1 |
|
|a серпентинизация
|
| 610 |
1 |
|
|a термодинамика
|
| 675 |
|
|
|a 552
|v 4
|
| 702 |
|
1 |
|a Маракушев
|b А. А.
|4 340
|
| 702 |
|
1 |
|a Ферштатер
|b Г. Б.
|4 340
|
| 712 |
0 |
2 |
|a Академия наук СССР
|b Уральский научный центр
|b Институт геологии и геохимии им. А. Н. Заварицкого
|c (Свердловск)
|c (1971-1987)
|2 stltpush
|3 (RuTPU)RU\TPU\col\10909
|9 24945
|
| 801 |
|
1 |
|a RU
|b 63413507
|c 20151125
|
| 801 |
|
2 |
|a RU
|b 63413507
|c 20181112
|g RCR
|
| 942 |
|
|
|c BK
|